000 00518nam a2200181Ia 4500
999 _c30120
_d30120
003 OSt
005 20201216150951.0
008 190216s9999||||xx |||||||||||||| ||und||
020 _a9788171803392
040 _coclc
082 _a894.812
_bRAJ/B
100 _aRajarajavarma, A R
_97267
245 0 _aBhashabhooshanam /
_cA R Rajarajavarma
260 _b"Poorna Publications,
_c2012.
_aKozhikode:
300 _a207p
650 _aMalayalam
942 _cBK
_2ddc
_h894.812
_iRAJ/B
_k894.812
_mRAJ/B